000 01836nam a2200229Ia 4500
999 _c54694
_d54694
001 21761
003 GE_BSU
005 20220302163939.0
008 181216s ||||ge |||||||||||||| ||geo||
040 _cGE_BSU
041 _ageo
080 _a81(479.22)(092) თ-40
245 _aთბილისის უნივერსიტეტი გიორგი ახვლედიანს : [საიუბილეო კრებული მიძღვნილი გ. ახვლედიანის დაბადების 80 წლისთავისადმი = Юбилейный сборник посвященный Георгию Саридановичу Ахвледиани в связи с 80-летием со дня рождения] /
_cშ. ძიძიგურის შესავალი სიტყვით ; სარედ. კოლეგია : შ. ძიძიგური (მთ. რედ.) და [სხვ.].
264 _aთბილისი :
_bთბილ. უნ-ტის გამ-ბა,
_c1969.
300 _a485 გვ. :
_b ილ. ;
_c26 სმ.
_eცხრილ. და 1ფ. ნახ. ,4 ფ. პორტრ.
500 _aკრებულში მოთავსებულია სამეცნიერო ნაშრომები, რომლებიც ეძღვნება გამოჩენილ ქართველ მეცნიერს გიორგი ახვლედიანს მისი დაბადების 80 წლისთავზე
541 _h6ლ.
653 _aენათმეცნიერება
653 _aქართველი ენათმეცნიერები
700 _aძიძიგური, შ.
_eრედაქტორი
_913584
942 _cBK
_2udc